000 01901nam a22003254i 4500
003 PE-LiUPU
005 20260217111616.0
008 20260212s2014 ag a rb 000 0 spa d
020 _a9789877012644
035 _aPE-LiUPU000000
040 _aPE-LiUPU
_bspa
_cPE-LiUPU
_erda
082 0 4 _a370.11
_bK69f
_223
100 1 _aKnight, George R.,
_eautor.
245 1 0 _aFilosofía y educación :
_buna introducción en la perspectiva cristiana /
_cGeorge R. Knight.
250 _aPrimera edición.
264 1 _aFlorida, Buenos Aires :
_bAsociación Casa Editora Sudamericana,
_c2014.
300 _a280 páginas :
_bilustraciones ;
_c23 cm
336 _atext
_2rdacontent
337 _aunmediated
_2rdamedia
338 _avolume
_2rdacarrier
504 _aIncluye bibliografía e índice general alfabético.
505 0 _aConceptos básicos -- La naturaleza de la filosofía y la educación -- Temas filosóficos en educación -- Las filosofías tradicionales y la educación -- Las filosofías modernas y la educación -- El impulso posmoderno -- Teorías contemporáneas de educación -- Filosofía analítica y educación -- Filosofía y educación cristiana -- La necesidad de elaborar una filosofía personal de la educación -- Un planteamiento cristiano de la filosofía -- Un enfoque cristiano de la educación -- Otra palabra al lector.
520 _aObra introductoria que analiza la relación entre filosofía y educación desde una perspectiva cristiana, abordando corrientes filosóficas tradicionales y contemporáneas, y proponiendo fundamentos para una filosofía cristiana de la educación.
650 1 4 _aFilosofía de la educación.
_95207
650 1 4 _aEducación cristiana.
_97941
650 1 4 _aCristianismo
_xEducación.
700 1 _aBrunelli, Claudia,
_edirectora.
942 _2ddc
_cBK
980 _618228
_aRebeca Esther Huerta Leyton
_818226
_gJaime Vilcazán Jefe de Análisis Documental
999 _c63267
_d63266